| 000 | 00497nam a22002057a 4500 | ||
|---|---|---|---|
| 001 | 00138 | ||
| 003 | DO-SdBNP | ||
| 005 | 20160404153425.0 | ||
| 007 | 00138 | ||
| 008 | 160404b gt 1998||||| |||| 00| 0 spa d | ||
| 020 | _a9789978827253 | ||
| 040 |
_aBPMSU _bspa _cBPMSU |
||
| 092 |
_axxxxxxxxx _bxxxxxxxxx |
||
| 245 | _aVademécum farmacéutico | ||
| 250 | _a4ta. ed | ||
| 260 |
_aGuatemala : _bEdifarm: _c1998. |
||
| 300 |
_a506 p. : _bil., _c30 cm. |
||
| 942 |
_2ddc _cBK |
||
| 956 | _aBrenda Tavárez | ||
| 999 |
_c9533 _d9533 |
||